MacGyver's tools - Statistics

General Stats
  • This quiz has been taken 44 times
  • The average score is 3 of 7
Answer Stats
Clue Answer % Correct
Many tools in one Swiss army knife
92%
Stick around Duct tape
62%
Try to unpick this clue Paper clip
54%
Best thing to block doors (except in Singapore) Chewing gum
35%
Hot stuff, a diversion! Matches
24%
Think on your feet to set a trap Shoe strings
24%
Time to celebrate with this Birthday candles
19%
No matching quizzes found
Score Distribution
Percent of People with Each Score
Percentile by Number Answered
Your Score History
You have not taken this quiz